|
|
|
|
| LEADER |
01181nam a2200301 a 4500 |
| 001 |
4430 |
| 003 |
BD-DhAAL |
| 005 |
20150322125420.0 |
| 008 |
150322s1991 bg a s f000 0 mul d |
| 040 |
|
|
|a BD-DhAAL
|c BD-DhAAL
|
| 082 |
0 |
|
|a 315.492
|2 19
|
| 999 |
|
|
|c 34140
|d 34140
|
| 999 |
|
|
|c 14157
|
| 999 |
|
|
|c 11320
|
| 245 |
0 |
0 |
|a Statistical pocket book of Bangladesh 1991 :
|b Bāṃlādeśa parisaṃkhyāna pakeṭa bai.
|
| 246 |
3 |
1 |
|a Bāṃlādeśa parisaṃkhyāna pakeṭa bai.
|
| 246 |
1 |
|
|i Title varies slightly:
|a Statistical pocketbook of Bangladesh
|
| 246 |
1 |
4 |
|a Statistical pocketbook.
|p Bangladesh
|f <1991->
|
| 260 |
|
|
|a Dhaka :
|b Bangladesh Bureau of Statistics, Statistics Division, Ministry of Planning,
|c 1991
|
| 300 |
|
|
|a xvi. 362 p. :
|b ill. ;
|c 14 cm.
|
| 310 |
|
|
|a Annual
|
| 541 |
1 |
|
|e 4430
|
| 546 |
|
|
|a Bengali and English.
|
| 651 |
|
0 |
|a Bangladesh
|v Statistics
|v Periodicals.
|9 3788
|
| 710 |
1 |
|
|a Bangladesh.
|b Parisaṃkhyāna Byuro.
|9 3789
|
| 852 |
4 |
|
|a Ayesha Abed Library
|j General shelf
|
| 942 |
|
|
|2 ddc
|c BK
|
| 952 |
|
|
|0 0
|1 0
|2 ddc
|4 0
|6 315_492000000000000_STA
|7 0
|9 53271
|a BRACUL
|b BRACUL
|c GEN
|d 2015-03-22
|g 65.00
|l 0
|o 315.492 STA
|p 3010004430
|r 2015-03-22
|t 1
|w 2015-03-22
|y BK
|